000 00551nam a2200193Ia 4500
003 GCL
008 140319s9999 xx 000 0 ara d
020 _a2144509977
040 _aGCL /
_cGCL
082 0 4 _aط
_b813.02
_bج س
100 1 _aجومى، تارو
245 1 0 _aالسمكة الملونة هربت /
_cجومى، تارو
700 1 _aعصام حمزة
250 _aالاولى
260 _aالقاهرة :
_bدار الشروق ،
_c2006
300 _a24 سم ؛
_c21 سم
650 0 4 _aقصص الاطفال
942 _2ddc
_cBK
999 _c8898
_d8898